Reveal the Country Shapes - Statistics

General Stats
  • This quiz has been taken 17,099 times
  • The average score is 11 of 16
Answers on the Map
Answers color-coded by a green-red scale on the quiz's map according to % correct below.
 
Answer Stats
Answer % Correct
New Zealand
95%
Norway
90%
Israel
84%
Libya
69%
Cuba
67%
Morocco
67%
Vietnam
66%
Austria
63%
Mali
63%
Myanmar
63%
Pakistan
62%
Albania
61%
Argentina
59%
Panama
57%
Tunisia
57%
Sweden
53%
No matching quizzes found
Score Distribution
Percent of People with Each Score
Percentile by Number Answered
Your Score History
You have not taken this quiz